Missing Word: Computer Acronyms (A-Z) Quiz Stats

 Plays Quiz Updated Oct 8, 2018

Challenge
Share
Tweet
Embed
Score 0/26 Timer 03:00
0 Plays Today
Hint Word % Correct
_____-Green-BlueRed
83.4%
Cyan-Magenta-_____Yellow
79.7%
Light-_____ DiodeEmitting
74.4%
Virtual Private _____Network
71.3%
Rich _____ FormatText
66.8%
_____ Per SecondFrames
51.8%
Structured _____ LanguageQuery
50%
Amazon _____ ServicesWeb
48.6%
Original Equipment _____Manufacturer
48.4%
_____ Input/Output SystemBasic
47.2%
_____-Computer InteractionHuman
45.7%
Application _____ InterfaceProgram
38%
Search Engine _____Optimization
37.2%
Hint Word % Correct
Software Development _____Kit
37%
_____ Logic UnitArithmetic
36.7%
Cascading Style _____Sheet
35.1%
Integrated _____ EnvironmentDevelopment
34.1%
Digital Video _____Interface
32.8%
_____ Photographic Experts GroupJoint
29%
Dynamic _____ LibraryLink
27.8%
Scalable _____ GraphicsVector
27.7%
Globally _____ IdentifierUnique
27.5%
_____ Insertion ForceZero
26.2%
Pin _____ ArrayGrid
22%
Asynchronous Javascript and _____XML
17.9%
Peripheral _____ InterconnectComponent
15.9%

Today's Daily Dose

Word Ladder
Anchorman

Get the Picture
'Head' Bands

You're not logged in!

Compare scores with friends on all Sporcle quizzes.
OR
Log In

You Might Also Like...

Show Comments

Extras

Top Quizzes Today


Score Distribution

Your Account Isn't Verified!

In order to create a playlist on Sporcle, you need to verify the email address you used during registration. Go to your Sporcle Settings to finish the process.

Report this User

Report this user for behavior that violates our Community Guidelines.

Details: